| 000 | 01080namaa22002291 4500 | ||
|---|---|---|---|
| 001 | 174209 | ||
| 003 | ES-MaACL | ||
| 005 | 20250930063151.0 | ||
| 008 | 100303s1912 sp r |||| | spa d | ||
| 080 | _a595.7 | ||
| 100 | 1 |
_aBolívar, Ignacio, _d1850-1944 _929963 |
|
| 245 | 1 | 0 |
_aEstudios entomológicos / _cpor I. Bolivar. |
| 260 |
_aMadrid : _bJunta para la Ampliación de Estudios e Investigaciones Científicas : _bInstituto Nacional de Ciencias Físico-Naturales, _c1912 ( _fImp. de Fortanet) |
||
| 300 |
_a62 pág. ; _c24 cm. |
||
| 490 | 1 |
_aTrabajos del Museo de Ciencias Naturales. Serie zoológica ; _v4 |
|
| 505 | 8 | _aI. Los panfaginos paleárticos. II. El género Sciobía Burm. III. El género Hieroglypbus Krauss y otros próximos | |
| 650 | 0 | 7 |
_aInsectos _2embne _913823 |
| 710 | 2 |
_aJunta para la Ampliación de Estudios e Investigaciones Científicas. _95413 |
|
| 830 | 0 | 0 |
_aTrabajos del Museo Nacional de Ciencias Naturales. _pSerie zoológica _v4 _9189348 |
| 852 |
_aES-MaACL _jB-13146(4) _z.- Encuadernado con otras obras |
||
| 999 |
_c174209 _d174209 |
||